000 00446cam a2200181 4500
001 14884
005 20230410120752.0
008 060907n2002 nyu spa
020 _a1583224890
035 _9funglode15009
041 _aEN
050 1 4 _aHV 6432.7
_bC548n 2002
100 1 _aChomsky, Noam,
_d1928-
245 1 0 _a9-11 /
_cNoam Chomsky
260 _aNew York :
_bSeven Stories Press,
_c2002
300 _a140 p.
942 _2lcc
_cbk
999 _c51506
_d51506